000 00610nam a2200229 a 4500
001 BRCA_5967
005 20190320205259.0
008 310709s1941----ag-a######---#000-0#spa-#
041 _aspa
044 _aag
050 4 _aNK7130
_b.T38 2 1941
100 1 _aTaullard, Alfredo
_99211
245 1 0 _aPlatería sudamericana
_cA. Taullard.
260 _aBuenos Aires
_bPeuser
_c1941
300 _a285 p.
_bil., 387 láminas
_c33 cm.
500 _aVer también B217 (1947)
500 _aG89
504 _aBibliografía: p. 7-8
650 1 4 _aPlatería
_zAmérica del Sur
_99212
902 _aGFM
942 _2lcc
_cB
999 _c5656
_d5656